| Registos Bibliográficos associados ao registo de autoridade |
|
Etiqueta de registo: 01961cam 02200493 04500 001 321155 003 http://id.bnportugal.gov.pt/bib/catbnp/321155 005 19981229000000.0 095 ## $aPTBN00337230 100 ## $a19000001d1488 k y0pora0103 ba 101 0# $alat 102 ## $aCH 105 ## $ay z 000yy 106 ## $ar 200 1# $aSermones de tempore ;$aSermones de sanctis 210 #9 $aBasel$cNicolaus Kessler,$d17 Dezembro 1488 215 ## $a3 partes$d2º (30 cm) 307 ## $aMarca de impressor 307 ## $aAssin.: [Pt. I A//8, B//6, C-Z//8, Q//6, c//8],; [Pt. II] Aa-Hh//8, Ii//6, Kk-Pp//8,
Qq//6, Rr-Zz//8, Aaa-Eee//8, Fff//10, Ggg//6,; [Pt. III] a-o//8, p//6, q//6 316 ## $aFaltam: parte I, f. [1] da parte II, cad. n//8 e út. f. (branca) da parte III ; aparado
na margem superior atingindo, por vezes, o título corrente ; notas mss. marginais.
-Algumas capitais a vermelho, rubricas e iniciais realçadas a vermelho$5PTBN: INC. 42 317 ## $aPert.: Real Hospício da Conceição$5PTBN: INC. 42 321 1# $aHC 7004 321 1# $aGW 9838 321 1# $aPell 11573 321 1# $aPolain 3953 321 1# $aIGI 10297 (I) 321 1# $aGoff F-131 321 1# $aBMC III 767 (IB 37611) 321 1# $aCIBN Lisboa 1335 321 1# $aIBPORT 1856 321 1# $aISTC if00131000 517 1# $aSermones de sanctis 620 ## $dBasileia 700 #0 $aVicente Ferrer,$cSanto,$f1350-1419,$cO.P.$376516 702 #1 $aKessler,$bNicolaus$4610$3471095 712 02 $aReal Hospício da Conceição$4390$3471623 801 #0 $aPT$bBN$gRPC 856 40 $uhttps://purl.pt/32684 856 41 $uhttps://purl.pt/32684/service/media/cover/low 856 49 $uhttps://purl.pt/32684/service/media/pdf$qapplication/pdf 958 ## $aBND$bLivre$cDigitalizado$d1$ehttps://purl.pt/32684/service/media/cover/max 966 ## $lBN$mRESIMP$sINC. 42 995 ## $aROL $zBND$d20171115$idfontes 995 ## $aINC $zBND$d20181220$imsantos
Etiqueta de registo: 00254nbm 2200025 450 001 2285103 003 http://id.bnportugal.gov.pt/bib/catbnp/2285103 100 ## $a20260423d1741 k y0pory01030103ba 101 0# $apor 102 ## $aPT 105 ## $ay z 000yy 106 ## $ah 200 1# $aElencho pera os livros da Livraria do Real hospicio de N[ossa] S[e]n[ho]ra da Conceyção.
desta corte de Lisboa$bManuscrito] 210 #1 $aLisboa,$d 1741 215 ## $a118 f., enc.$d21 cm 300 ## $aOriginal, com assinaturas 307 ## $aPartes do texto rasuradas 307 ## $aManchado pela acção da tinta ferrogálica e humidade; falta das f. 19-20 e f. 24-31,
f. 47; mutilado (entre as f. 34-38, f. 52-95, f. 110, e f. 114-117 307 ## $aEncadernação, reaproveitada, em pergaminho liso 316 ## $aCota antiga: V-3-31 316 ## $aCota antiga: E-1-16 327 11 $aOrganizado por temas: "Padres , e Expositores" (f. 3); "Moraes (f. 32); "Espirituais,
e Historicos" (f. 40-43); "Ordens" (f.149)$aTermos de entrega (f. 100)$aTermo de encerramento datado de Lisboa, Real Hospicio, 20 de Agosto de 174, e assinado
por Fr.Gabriel de Santa Rosa (F.118 v.) 512 1# $aDa Livraria 518 1# $aElenco pera os livros da Livraria do Real hospício de Nossa Senhora da Conceição desta
corte de Lisboa 710 02 $aReal Hospício da Conceição$3471623 801 #0 $aPT$bBN$gRPC 966 ## $lBN$mRESMAN$sCOD. 7100 971 ## $cmrosario$d20260423
|
|
|